000 01000nam a22003137a 4500
001 000504
003 DO-SdBPM
005 20250722114751.0
007 000504
008 160916b 2009 sp ||||| |||| 00| 0 spa d
020 _a9788466323260
040 _a DO-SdBPM
_bspa
_cBPMSU
_erda
082 4 _a808.87
_bF842c 2009
_222
245 1 0 _aFrases célebres de niños 2 :
_bel Hormiguero /
_cprólogo y selección de frases Pablo Motos
264 _aMadrid :
_bPunto de Lectura,
_c2009.
300 _a142 páginas :
_bilustraciones ;
_c19 cm.
336 _atexto
_btxt
_2rdacontent
337 _asin mediación
_bn
_2rdamedia
338 _avolumen
_bnc
_2rdacarrier
490 0 _aPunto de lectura,
_v229/4.
500 _aIncluye datos biográficos del autor.
500 _a
590 _aInventariado, 2025/VM
650 7 _aHumorismo infantil
650 7 _aCitas
700 1 _aMotos, Pablo,
_d1965-
_eprólogo
910 _aVMateo V. Control de calidad. BPMSU
942 _2ddc
_cBK
999 _c11414
_d11414